000 00383nam a2200157 a 4500
003 AR-BaBNM
005 20251128203742.0
008 082120s2002 ||||||||||||||000 | spa||
040 _cAR-BaBNM
100 1 _aEliot, T.S.
245 0 0 _aLos poetas metafĂ­sicos y otros ensayos
_n2
260 _aBuenos Aires
_bEmecé
_c1944
300 _a595 P.
942 _cBK
998 _cMato Mourazos
999 _c4792
_d4792